000 00618 a2200205 4500
999 _c5488
_d5488
010 _aENG-86879
020 _c350.00
_a8171640656
035 _aEN-70412
037 _bDBAD / PUB
082 1 4 _a333.790
100 1 _aRathore, N.S.
245 1 _aAlternate sources of energy /
_cby N.S.Rathore, A.N. Mathur [and] S.Kothari
260 _aNew Delhi
_bDIPA, Indian Council of Agricultural Research (ICAR)
_c2007
270 _aICAR
_bNew Delhi
300 _avi, 269p
_c25cm (Hb)
500 _aIncludes index
700 _aMathur, A.N.
700 _aKothari, S.
942 _adpl
_cEN
_2ddc
_h333.790
_mRAT